History Quiz

Random History or Famous Quiz

Famous Facebook 'Friends' Quiz Stats

Quiz Updated Oct 18, 2016

Also try: Historical TWEETS
Challenge
Share
Tweet
Embed
Score 0/30 Timer 08:00
1 Play Today
Facebook Friends Famous Person % Correct
Romeo, Tybalt, NurseJuliet
89%
Miss Piggy, Beaker, GonzoKermit the Frog
85.2%
Jacqueline Bouvier, Marilyn Monroe, Lyndon B. JohnsonJohn F. Kennedy
84.7%
Paul McCartney, George Martin, Cynthia PowellJohn Lennon
82%
Ralph Abernathy, Coretta Scott, Rosa ParksMartin Luther King Jr.
81.3%
Obi-Wan Kenobi, Princess Leia, YodaLuke Skywalker
80.2%
Mary, Joseph, SimonJesus Christ
79%
Billie Jean, Debbie Rowe, Quincy JonesMichael Jackson
76.3%
Mary Todd, Ulysses S. Grant, Andrew JohnsonAbraham Lincoln
74.6%
Mickey Mouse, Lillian Bounds, Mary PoppinsWalt Disney
74.5%
Fairy godmother, Jacques, GusCinderella
71.9%
Verrocchio, Domenico Ghirlandaio, Mona LisaLeonardo Da Vinci
69.8%
M, Miss Moneypenny, QJames Bond
67.8%
Queen Isabella I, Domenico Colombo, Niña (Juan Niño of Moguer)Christopher Columbus
63.7%
Alexander Hamilton, John Adams, Martha DandridgeGeorge Washington
62%
Facebook Friends Famous Person % Correct
Prince Charles, Prince of Wales; Frances Shand Kydd; Prince William, Duke of CambridgeDiana, Princess of Wales
60%
Samantha Lewes, Wilson, Buzz LightyearTom Hanks
58.4%
Bob Cratchit, Jacob Marley, BelleEbenezer Scrooge
57.9%
Scottie Pippen, Juanita Vanoy, Doug CollinsMichael Jordan
56.9%
Helen Woodford, Julia Hodgson, Lou GehrigBabe Ruth
50.4%
Ken, Skipper, TuttiBarbie
49.2%
George VI, Claude Bowes-Lyon, Prince Philip of Greece and DenmarkQueen Elizabeth II
47.6%
Anne Hathaway, Mary Arden, HamletWilliam Shakespeare
45.9%
Uncle Ben, Mary Jane, Harry OsbornPeter Parker (Spider-man)
45%
Phil Donahue, Gayle King, Maria ShriverOprah Winfrey
38.4%
Priscilla Beaulieu, Sam Phillips, Judy TylerElvis Presley
35.8%
Paul Allen, Melinda Ann French, Mary MaxwellBill Gates
19.1%
Jupiter, Amphitryon, IphiclesHercules
14.7%
Mileva Marić, Elsa Löwenthal, Alfred KleinerAlbert Einstein
11.5%
Aretha Williams, Della Beatrice Howard Robinson, Eleanor RigbyRay Charles
5.4%

You're not logged in!

Compare scores with friends on all Sporcle quizzes.
Sign Up with Email
OR
Log In

You Might Also Like...

Show Comments

Extras

Top Quizzes Today


Score Distribution

Your Account Isn't Verified!

In order to create a playlist on Sporcle, you need to verify the email address you used during registration. Go to your Sporcle Settings to finish the process.